000 00481nam a2200145Ia 4500
008 100204s9999 xx 000 0 und d
082 _b24965
100 _aजोशी प्रकाश . माहिमकर रविंद्र्र
245 _aमावळमौजा
260 _b"आपलं प्रकाशन, मुंबई"
_c2001
300 _a212
630 _aमावळमौजा
730 _aमावळमौजा
942 _cBOOK
999 _c470145
_d470142